Word Ladder: One-Word Singers Quiz Stats

 Plays Quiz Updated Feb 13, 2016

Challenge
Share
Tweet
Embed
Score 0/40 Timer 04:00
2 Plays Today
Hint 4-Letter Word % Correct
Lou Reed song: 'Walk on the Wild ____'SIDE
93.9%
Kiss on the cheekPECK
92.4%
Guitar accessoryPICK
92.2%
Not wellSICK
90.7%
Beach Boys song: 'Wouldn't It Be ____'NICE
90.4%
Percy Sledge song: '____ a Man Loves a Woman'WHEN
90.3%
Genesis album: '...And ____ There Were Three...'THEN
90.1%
Beatles song: 'Ticket to ____'RIDE
90.1%
Nirvana song: 'Smells Like ____ Spirit'TEEN
90%
Singer Astley or Springfield, e. g.RICK
89.9%
CCR song: 'Have You Ever ____ the Rain?'SEEN
89.7%
Smooth fabricSILK
88.4%
Sir Mix-a-Lot song: 'Baby Got ____'BACK
88%
Singers Bennett or Orlando, e. g. TONY
86%
Window ledgeSILL
85.4%
• 'Loser' singer (1994) •• BECK •
84.8%
Puff Daddy's original first nameSEAN
84.4%
'Cannonball' singer: Damien ____RICE
83.7%
• 'So What' singer (2008) •• PINK •
81.6%
• 'Kiss From a Rose' singer (1994) •• SEAL •
79.5%
Hint 4-Letter Word % Correct
Hit on the headBONK
77.9%
'How Do You Like Me Now?!' singer: ____ KeithTOBY
76%
• 'With or Without You' singer (1987) •• BONO •
75.8%
50 Cent song: 'Straight to the ____' BANK
75.1%
'Double income, no kids' acronymDINK
73.7%
Album: 'The Who ____ Out' (1967)SELL
73.1%
'Wild Thing' rapper: ____ LocTONE
71.9%
Sharpen, as a bladeWHET
71.2%
'Kiss Me' band: Sixpence ____ the RicherNONE
69%
• 'Smooth Operator' singer (1984) •• SADE •
68%
Nickname 'That's Amore' singer MartinDINO
64%
Guitarist Atkins or trumpeter Baker, e. g.CHET
63.1%
Hit Ringo Starr cover (2 words): '__ __ Song'NO NO
62.5%
Gerardo song: '____ Suave'RICO
62.4%
• 'Femme Fatale' singer (1966) •• NICO •
58.7%
• 'Dark Lady' singer (1974) •• CHER •
57.1%
• 'White Flag' singer (2003) •• DIDO •
54.5%
• 'South Side' artist (2000) •• MOBY •
48.3%
Pitbull song: 'Welcome 2 ____ County'DADE
46.7%
Woodworking groove or lower part of a wallDADO
41.3%

Today's Daily Dose

You're not logged in!

Compare scores with friends on all Sporcle quizzes.
OR
Log In

You Might Also Like...

Show Comments

Extras

Top Quizzes Today


Score Distribution

Your Account Isn't Verified!

In order to create a playlist on Sporcle, you need to verify the email address you used during registration. Go to your Sporcle Settings to finish the process.

Report this User

Report this user for behavior that violates our Community Guidelines.

Details: